Victor Papanek : (Record no. 613876)

000 -LEADER
fixed length control field 01277cam a2200373 i 4500
001 - CONTROL NUMBER
control field 21524083
003 - CONTROL NUMBER IDENTIFIER
control field NUST
005 - DATE AND TIME OF LATEST TRANSACTION
control field 20250624111023.0
008 - FIXED-LENGTH DATA ELEMENTS--GENERAL INFORMATION
fixed length control field 200507s2021 maua b 001 0beng
010 ## - LIBRARY OF CONGRESS CONTROL NUMBER
LC control number 2020015192
020 ## - INTERNATIONAL STANDARD BOOK NUMBER
International Standard Book Number 9783945852262
Qualifying information (hardcover)
038 ## - RECORD CONTENT LICENSOR
Staff Name Malang jan
040 ## - CATALOGING SOURCE
Original cataloging agency DLC
Language of cataloging eng
Description conventions rda
Transcribing agency DLC
Modifying agency DLC
042 ## - AUTHENTICATION CODE
Authentication code pcc
043 ## - GEOGRAPHIC AREA CODE
Geographic area code n-us---
050 00 - LIBRARY OF CONGRESS CALL NUMBER
Classification number TS140.P28
Item number C59 2021
082 00 - DEWEY DECIMAL CLASSIFICATION NUMBER
Classification number 745.2
Edition number 23
245 00 - TITLE STATEMENT
Title Victor Papanek :
Remainder of title the politics of design /
Statement of responsibility, etc. (Editor) Mateo Kries , Amelie Klein, Alison Clarke.
260 ## - PUBLICATION, DISTRIBUTION, ETC.
Name of publisher, distributor, etc. Vitra Design Museum;
Date of publication, distribution, etc. 2018.
264 ## - PRODUCTION, PUBLICATION, DISTRIBUTION, MANUFACTURE, AND COPYRIGHT NOTICE
Name of producer, publisher, distributor, manufacturer Vitra Design Museum;
Date of production, publication, distribution, manufacture, or copyright notice 2018.
300 ## - PHYSICAL DESCRIPTION
Extent 345 p.:
Other physical details illustrations (some color) ;
Dimensions 24 cm
337 ## - MEDIA TYPE
Media type code n
504 ## - BIBLIOGRAPHY, ETC. NOTE
Bibliography, etc. note Includes bibliographical references (pages 281-324) and index.
600 10 - SUBJECT ADDED ENTRY--PERSONAL NAME
Personal name Papanek, Victor J.
9 (RLIN) 32637
600 10 - SUBJECT ADDED ENTRY--PERSONAL NAME
Personal name Papanek, Victor J.
General subdivision Influence.
9 (RLIN) 129159
650 #0 - SUBJECT ADDED ENTRY--TOPICAL TERM
Topical term or geographic name entry element Industrial designers
9 (RLIN) 33662
650 #0 - SUBJECT ADDED ENTRY--TOPICAL TERM
Topical term or geographic name entry element Industrial design
General subdivision Social aspects.
9 (RLIN) 118940
700 1# - ADDED ENTRY--PERSONAL NAME
Personal name Kries, Mateo
9 (RLIN) 129160
700 1# - ADDED ENTRY--PERSONAL NAME
Personal name Klein,Amelie
9 (RLIN) 129161
700 1# - ADDED ENTRY--PERSONAL NAME
Personal name Clarke, Alison
9 (RLIN) 129162
906 ## - LOCAL DATA ELEMENT F, LDF (RLIN)
a 7
b cbc
c orignew
d 1
e ecip
f 20
g y-gencatlg
942 ## - ADDED ENTRY ELEMENTS (KOHA)
Source of classification or shelving scheme
Koha item type Book
Classification part 745.2
Holdings
Withdrawn status Lost status Source of classification or shelving scheme Damaged status Not for loan Permanent Location Current Location Date acquired Source of acquisition Total Checkouts Full call number Barcode Date last seen Copy number Cost, replacement price Price effective from Koha item type
          School of Art Design and Architecture (SADA) School of Art Design and Architecture (SADA) 05/19/2025 Pak Book   745.2 VIC 2018 SADA0003061 06/24/2025 01 8956.00 06/24/2025 Book
© 2023 Central Library, National University of Sciences and Technology. All Rights Reserved.